000 00411nam a2200145 i 4500
001 bg
245 0 _aEkonomika pracy :
_bekonomiczno-społeczne zagadnienia pracy człowieka /
_cpod red. M. Przedpelskiego.
260 _aWarszawa,
_c1981.
700 1 _aPrzedpelski, Mieczysław.
_eRed.
040 _cBPK
041 _apol
080 _a331.01(075.8)
942 _cKS
008 s pl f |000 0 pol
999 _c20241
_d20241
856 _uhttp://koha.tu.koszalin.pl/cgi-bin/koha/opac-detail.pl?biblionumber=20241
_yKatalog online BPK